Matlab guide to finite elements : (Record no. 29814)

000 -LEADER
fixed length control field 00439 a2200157 4500
003 - CONTROL NUMBER IDENTIFIER
control field NUST
005 - DATE AND TIME OF LATEST TRANSACTION
control field 20180118123227.0
008 - FIXED-LENGTH DATA ELEMENTS--GENERAL INFORMATION
fixed length control field 180118b xxu||||| |||| 00| 0 eng d
020 ## - INTERNATIONAL STANDARD BOOK NUMBER
International Standard Book Number 3540706976
020 ## - INTERNATIONAL STANDARD BOOK NUMBER
International Standard Book Number 9783540706977
082 ## - DEWEY DECIMAL CLASSIFICATION NUMBER
Classification number 620.00151825
100 1# - MAIN ENTRY--PERSONAL NAME
Personal name Kattan, Peter I.
9 (RLIN) 8728
245 10 - TITLE STATEMENT
Title Matlab guide to finite elements :
Remainder of title an interactive approach /
Statement of responsibility, etc. Peter I. Kattan.
250 ## - EDITION STATEMENT
Edition statement 2nd ed.
260 ## - PUBLICATION, DISTRIBUTION, ETC.
Place of publication, distribution, etc. [S.l.] :
Name of publisher, distributor, etc. Springer,
Date of publication, distribution, etc. 2007.
300 ## - PHYSICAL DESCRIPTION
Extent 442 p. ;
Dimensions 25 cm.
942 ## - ADDED ENTRY ELEMENTS (KOHA)
Institution code [OBSOLETE] SNS
Koha item type Book
Call number prefix 620.00151825 KAT
Source of classification or shelving scheme
Holdings
Withdrawn status Lost status Damaged status Not for loan Permanent Location Current Location Date acquired Total Checkouts Full call number Barcode Date last seen Price effective from Koha item type
        School of Natural Sciences (SNS) School of Natural Sciences (SNS) 05/26/2016   620.00151825 KAT SNS0001262 05/26/2016 05/26/2016 Book
© 2023 Central Library, National University of Sciences and Technology. All Rights Reserved.